| 000 | 01997nam2a2200289 4500 | ||
|---|---|---|---|
| 001 | RU\NLR\bibl\1885682 | ||
| 005 | 20260408065411.0 | ||
| 010 |
_a978-5-86889-569-2 _9100 |
||
| 021 |
_aRU _b2012-18693 _91408 |
||
| 035 | _a(NLR Aleph) 001875421 | ||
| 090 |
_a2718338 _c2718338 |
||
| 100 | _a20120330d2011 |||y0rusy50 ca | ||
| 101 | 0 | _arus | |
| 102 | _aRU | ||
| 105 | _aa z ||||| | ||
| 200 | 0 |
_aВып. 5 _eматериалы ежегодной научно-практической конференции, 25-29 апреля 2011 г. |
|
| 210 |
_d2011 _aБ. м. |
||
| 215 |
_a80 с. _cил. |
||
| 320 | _aБиблиогр. в конце ст. | ||
| 461 | 0 |
_1001RU\NLR\bibl\1830375 _12001#$aИтоги научно-исследовательских работ и курсового проектирования студентов 1-6 курсов кафедры промышленной электроники$vВып. 5 _92003948 _cТомск _d2010 _fпод ред. канд. техн. наук В.Д. Семенова _nИзд-во Томского государственного университета систем управления и радиоэлектроники _o[материалы конференций] _tИтоги научно-исследовательских работ и курсового проектирования студентов 1-6 курсов кафедры промышленной электроники _vВып. 5 |
|
| 711 | 1 | 2 |
_a"Итоги научно-исследовательских работ и курсового проектирования студентов 1-6 курсов кафедры промышленной электроники", научно-практическая конференция _f2011 _eТомск _3RU\NLR\AUTH\8810211126 _9309469 |
| 801 | 0 |
_aRU _bNLR _c20120330 _gRCR |
|
| 801 | 1 |
_aRU _bNLR _c20120330 |
|
| 942 | _cBOOK | ||
| 980 | _aNB | ||